| 000 | 00369nam a2200145 a 4500 | ||
|---|---|---|---|
| 005 | 20140412111406.0 | ||
| 008 | 070710s19uu xx 00 eng d | ||
| 020 | _a0-394-92569-6 | ||
| 050 |
_aER _bWi66 1975 |
||
| 245 | _aWinnie the pooh and tigger. | ||
| 260 |
_aU.S.A : _bDisney, _c1975. |
||
| 440 | _aWalt disney | ||
| 650 | _aFriendship-fiction | ||
| 999 |
_c105556 _d105556 |
||